RPDR Season 11 Contestants (Picture Click) Quiz Stats

 Plays Quiz not verified by Sporcle

Score 0/15 Timer 05:00
0 Plays Today
% Correct
Vanjie
95.9%
Nina
95.3%
Brooke
94.8%
Ariel
93.6%
Plastique
93.6%
Soju
93.6%
Silky
93%
Yvie
92.4%
% Correct
Scarlet
91.9%
Shuga
91.9%
Ra'Jah
87.8%
Mercedes
83.7%
Kahanna
82.6%
Honey
82%
A'Keria
80.8%

You're not logged in!

Compare scores with friends on all Sporcle quizzes.
OR
Log In

Show Comments

Extras

Top Quizzes Today


Score Distribution

Your Account Isn't Verified!

In order to create a playlist on Sporcle, you need to verify the email address you used during registration. Go to your Sporcle Settings to finish the process.

Report this User

Report this user for behavior that violates our Community Guidelines.

Details: